000 00617nas a2200217 4500
001 BR7603575
003 BR-BrBNA
005 20231205083015.0
007 ta
008 230509b bl.|||p| |||| 00| 00por d
040 _aBR-BrBNA
_bpor
_cBiblioteca Nacional de Agricultura
041 _a(Pt)
072 _aL30
100 1 _aMoreira, C.R.
245 1 _aOs minerais para o rebanho [suplemento mineral]
650 _aREBANHO
650 _aSUPLEMENTO MINERAL
773 0 _tGranja (Brazil)
_xISSN 0367-505X
_g(Aug 1976), v. 32(343) p. 32
_wBR7603575
909 _a202311
_bLúcia
_c55
_dLúcia Elande
942 _2AGRIS
_n0
_cANA
999 _c95719
_d95719